| 000 | 00742nam a2200241 a 4500 | ||
|---|---|---|---|
| 005 | 20140310183453.0 | ||
| 008 | 090310s19uu xx 00 eng d | ||
| 020 | _a9780071287586 | ||
| 050 |
_aHD 30.2 _b.B3573 2009 |
||
| 100 | _aBaltzan, Paige | ||
| 245 |
_aEssentials of business driven information systems / _cPaige Baltzan |
||
| 260 |
_aBoston, U.S.A : _bMcGraw-Hill/Irwin, _c2009. |
||
| 300 |
_a362 p. : _bill. col. ; _c26 cm. |
||
| 521 | _aBSBA | ||
| 650 | _aBSBA. | ||
| 650 |
_aInformation technology _xManagement. |
||
| 650 |
_aIndustrial management _xData processing. |
||
| 650 | _aManagement information systems. | ||
| 650 | _aElectronic commerce. | ||
| 700 | _aPhillips, Amy | ||
| 942 |
_cBK _2lcc _kFOR |
||
| 999 |
_c23468 _d23468 |
||